Game Of Thrones - Grandes Casas de Westeros - Statistics

Estatísticas Gerais
  • Esse quiz foi jogado 396 vezes
  • A pontuação média é 7 de 9
Estatísticas das Respostas
Território Capital Símbolo Lema Resposta % Correto
Norte Winterfell Lobo Gigante O inverno está chegando Stark
99%
Terras Ocidentais Rochedo Casterly Leão Ouça-me rugir Lannister
94%
Terras da Coroa Porto Real Dragão de três cabeças Fogo e Sangue Targaryen
89%
Terras da Tempestade Ponta Tempestade Veado Nossa é a fúria Baratheon
88%
Ilhas de Ferro Pyke Lula Gigante Nós não semeamos Greyjoy
78%
Campina Jardim de Cima Rosa Crescendo Flores Tyrell
75%
Vale Ninho da Águia Falcão Tão alto como a honra Arryn
74%
Dorne Lançassolar Sol trespassado por uma lança Insubmissos, imbatíveis, inquebráveis Martell
74%
Terras Fluviais Correrrio Truta Família, Dever, Honra Tully
69%
Nenhum quiz correspondente encontrado
Distribuição das Pontuações
Porcentagem de Pessoas com Cada Pontuação
Percentil de Números Respondidos
Sua Pontuação Histórica
Você não jogou esse quiz